| 000 | 01315cam a2200361 i 4500 | ||
|---|---|---|---|
| 003 | EG-ScBUE | ||
| 005 | 20240424103104.0 | ||
| 008 | 110708s2011 enkaf f b 001 0 eng d | ||
| 020 | _a9781845118914 | ||
| 020 | _a184511891X | ||
| 035 | _a(OCoLC)ocn720572014 | ||
| 040 |
_aNLE _beng _erda _cNLE _dCDX _dUAT _dYDXCP _dDLC _dEG-ScBUE |
||
| 043 | _aa-ir--- | ||
| 082 | 0 | 4 |
_a955.004924 _bAMA _222 |
| 100 | 1 |
_aAmanat, Mehrdad, _eauthor. |
|
| 245 | 1 | 0 |
_aJewish identities in Iran : _bresistance and conversion to Islam and the Baha'i faith / _cMehrdad Amanat. |
| 264 | 1 |
_aLondon ; _aNew York : _bI. B. Tauris, _c2011. |
|
| 300 |
_axi, 279 pages, [8] pages of plates : _billustrations ; _c24 cm. |
||
| 336 |
_2rdacontent _atext _btxt |
||
| 337 |
_aunmediated _2rdamedia _bn |
||
| 338 |
_avolume _bnc _2rdacarrier |
||
| 490 | 0 |
_aLibrary of modern religion ; _v9 |
|
| 504 | _aIncludes bibliographical references and index. | ||
| 650 | 7 |
_aJews _xCultural assimilation _zIran. _2BUEsh |
|
| 650 | 7 |
_aMuslim converts from Judaism _zIran. _2BUEsh |
|
| 650 | 7 |
_aBahai converts from Judaism _zIran. _2BUEsh |
|
| 650 | 7 |
_aJews _zIran _xIdentity. _2BUEsh |
|
| 651 | _2BUEsh | ||
| 653 |
_bBUSBOL _cOctober2018 |
||
| 655 | _vReading book | ||
| 942 |
_2ddc _cBB |
||
| 999 |
_c26876 _d26848 |
||